000 00317nam a22001337a 4500
008 171018b xxu||||| |||| 00| 0 eng d
020 _a9780766852815
041 _aeng
080 _23RD
_a338
100 _a53
101 _aMEN
245 _aADMINISTRATION OF WILLS, TRUSTS, AND ESTATES
_cBROWN,G
942 _2udc
_cBK
999 _c34661
_d34661